000 01703cam a2200133 4500500
005 20260405085600.0
041 _afre
042 _adc
100 1 0 _aMinvielle, Stéphane
_eauthor
245 0 0 _aLa famille en France à l'époque moderne : XVIe-XVIIIe siècle
260 _bArmand Colin,
_c2010.
520 _aLa famille est, sous l’Ancien Régime, la cellule de base de la société française. Elle structure les rapports sociaux et se caractérise par des comportements qui, pour beaucoup, sont très différents de ceux que nous connaissons aujourd’hui, et pour d’autres, ne nous semblent pas si lointains. Synthèse des plus récentes recherches en histoire moderne – renouvellement de l’histoire de la noblesse ou des élites en général, monographies familiales, étude des migrations… –, l’ouvrage donne toute sa place aux destins individuels, s’appuyant sur l’apport des écrits du for privé et l’analyse des réseaux familiaux, et s’interroge sur la place de la femme dans la famille. Car si longtemps la connaissance des familles du passé est restée très sommaire, ou privilégiant un angle résolument anthropologiaque ou démographique, désormais le recours à une documentation plus variée et des approches nouvelles permet d’approfondir la compréhension que nous avons du fait familial dans les sociétés préindustrielles. Cet ouvrage offre ainsi un travail renouvelé, facile d’accès et vraiment centré sur l’histoire de la famille dans une perspective historique rassemblant toutes les facettes du sujet.
856 4 1 _uhttps://shs.cairn.info/la-famille-en-france-a-l-epoque-moderne--9782200244170?lang=fr&redirect-ssocas=7080
999 _c2198719
_d2198719